[Event "GER-chT U16"]
[Site "Magdeburg"]
[Date "2014.12.29"]
[Round "6.4"]
[White "Topaj, Dan"]
[Black "Gula, Julian"]
[Result "0-1"]
[WhiteElo "1379"]
[BlackElo "1569"]
[PlyCount "78"]
[EventDate "2014.12.27"]
[EventType "team-swiss"]
[EventRounds "7"]
[EventCountry "GER"]
[SourceTitle "EXT 2016"]
[Source "ChessBase"]
[SourceDate "2015.10.08"]
[SourceVersion "1"]
[SourceVersionDate "2015.10.08"]
[SourceQuality "1"]
[WhiteTeam "Berlin Empor"]
[BlackTeam "Duesseldorf Sued"]
[WhiteTeamCountry "GER"]
[BlackTeamCountry "GER"]

1. Nf3 Nf6 2. g3 g6 3. Bg2 Bg7 4. d3 0-0 5. c3 d6 6. Nbd2 e5 7. Qc2 Nc6 8. b4 a6 9. a4 Nd7 10. Bb2 Ne7 11. 0-0 h6 12. e4 f5 13. Qb3+ Kh7 14. c4 f4 15. d4 g5 16. dxe5 dxe5 17. h3 Ng6 18. c5 h5 19. g4 hxg4 20. hxg4 Bh6 21. Ne1 Nf6 22. Nc4 Bxg4 23. f3 Be6 24. Nd3 g4 25. Ndxe5 Nxe5 26. Bxe5 g3 27. Rfd1 Nd7 28. Bb2 Qh4 29. Rd2 Qh2+ 30. Kf1 Bh3 31. Bxh3 Qxh3+ 32. Ke2 g2 33. Rg1 Rae8 34. e5 Nf6 35. Qd3+ Kh8 36. Qg6 Qh4 37. Rxg2 Rg8 38. Qxf6+ Qxf6 39. Rxg8+ Kxg8 0-1

[Event "GER-chT U16"]
[Site "Magdeburg"]
[Date "2014.12.27"]
[Round "2.4"]
[White "Topaj, Dan"]
[Black "Rothermel, Henrik"]
[Result "0-1"]
[WhiteElo "1379"]
[BlackElo "1082"]
[PlyCount "104"]
[EventDate "2014.12.27"]
[EventType "team-swiss"]
[EventRounds "7"]
[EventCountry "GER"]
[SourceTitle "EXT 2016"]
[Source "ChessBase"]
[SourceDate "2015.10.08"]
[SourceVersion "1"]
[SourceVersionDate "2015.10.08"]
[SourceQuality "1"]
[WhiteTeam "Berlin Empor"]
[BlackTeam "Gernsheim"]
[WhiteTeamCountry "GER"]
[BlackTeamCountry "GER"]

1. Nf3 Nc6 2. g3 Nf6 3. Bg2 e5 4. 0-0 d5 5. d3 h6 6. e4 d4 7. Nbd2 Be6 8. Re1 Qd7 9. b3 Bb4 10. Bb2 Bg4 11. Rc1 0-0-0 12. a3 Bc5 13. b4 Bb6 14. Nb3 g5 15. c3 dxc3 16. Rxc3 h5 17. Qd2 Bxf3 18. Bxf3 Bd4 19. Nxd4 Nxd4 20. Be2 Nxe4 21. Qe3 Nxc3 22. Bxc3 Nxe2+ 23. Qxe2 f6 24. Rd1 h4 25. Qe3 b6 26. Qf3 c6 27. Qxf6 hxg3 28. fxg3 Rdf8 29. Qxg5 Qh3 30. Qd2 Rf3 31. Bxe5 Rhf8 32. Bf4 R3xf4 33. gxf4 Rg8+ 34. Kf2 Rg2+ 35. Ke1 Rxd2 36. Rxd2 Qh4+ 37. Rf2 Qf6 38. b5 Qa1+ 39. Ke2 Qb2+ 40. Ke3 Qxb5 41. h4 Qc5+ 42. Kf3 Qxa3 43. h5 Qxd3+ 44. Kg4 Qd1+ 45. Rf3 Qd7+ 46. f5 c5 47. h6 Kd8 48. Kg5 Ke8 49. f6 Qd5+ 50. Rf5 Qg2+ 51. Kh5 Kf7 52. Rf4 Qg6+ 0-1

[Event "GER-chT North U14"]
[Site "Magdeburg"]
[Date "2012.09.08"]
[Round "5.3"]
[White "Koch, Elisabeth"]
[Black "Topaj, Dan"]
[Result "1-0"]
[WhiteElo "1606"]
[BlackElo "1408"]
[PlyCount "57"]
[EventDate "2012.09.06"]
[EventType "team-swiss"]
[EventRounds "7"]
[EventCountry "GER"]
[SourceTitle "EXT 2015"]
[Source "ChessBase"]
[SourceDate "2014.11.20"]
[SourceVersion "1"]
[SourceVersionDate "2014.11.20"]
[SourceQuality "1"]
[WhiteTeam "Weissensee Chemie"]
[BlackTeam "Berlin Empor"]
[WhiteTeamCountry "GER"]
[BlackTeamCountry "GER"]

1. e4 g6 2. d4 Bg7 3. Nf3 d6 4. Bc4 Nf6 5. Nc3 a6 6. a4 0-0 7. 0-0 Bd7 8. Be3 c6 9. e5 dxe5 10. dxe5 Ng4 11. Bf4 Nh6 12. Qd2 Ng4 13. h3 g5 14. Bg3 Nh6 15. Nxg5 Nf5 16. Bf4 e6 17. Nge4 a5 18. g4 Nh4 19. Qe3 Ng6 20. Ng3 Qc7 21. Rfe1 Bc8 22. Nh5 Rd8 23. Bh6 Bxe5 24. Rad1 Rxd1 25. Rxd1 Nd7 26. f4 Bh8 27. f5 Qb6 28. Qxb6 Nxb6 29. Rd8+ 1-0